[Event "European Clubs Cup"]
[Site "chess24.com"]
[Date "2018.10.13"]
[Round "2"]
[White "Mikhalevski, Victor"]
[Black "Schiendorfer, Emanuel"]
[Result "1-0"]
[Board "5"]
[WhiteElo "2565"]
[WhiteTitle "GM"]
[WhiteCountry "ISR"]
[WhiteFideId "2801914"]
[WhiteEloChange "2"]
[BlackElo "2310"]
[BlackTitle "FM"]
[BlackCountry "SUI"]
[BlackFideId "1309889"]
[BlackEloChange "-4"]

1. Nf3 {[%clk 1:30:56]} d5 {[%clk 1:30:35]} 2. c4 {[%clk 1:31:15]} e6 {[%clk
1:30:28]} 3. g3 {[%clk 1:31:34]} Nf6 {[%clk 1:30:21]} 4. Bg2 {[%clk 1:31:53]} d4
{[%clk 1:30:03]} 5. O-O {[%clk 1:31:49]} c5 {[%clk 1:30:19]} 6. e3 {[%clk
1:29:39]} Nc6 {[%clk 1:30:34]} 7. exd4 {[%clk 1:30:01]} cxd4 {[%clk 1:30:59]} 8.
d3 {[%clk 1:30:18]} Bd6 {[%clk 1:30:28]} 9. Na3 {[%clk 1:18:03]} O-O {[%clk
1:20:40]} 10. Nc2 {[%clk 1:17:56]} e5 {[%clk 1:19:09]} 11. b4 {[%clk 1:17:28]}
Re8 {[%clk 0:57:14]} 12. c5 {[%clk 1:14:13]} Bc7 {[%clk 0:54:22]} 13. Bg5 {[%clk
1:13:38]} h6 {[%clk 0:51:39]} 14. Bxf6 {[%clk 1:10:55]} Qxf6 {[%clk 0:52:03]} 15.
Nd2 {[%clk 1:11:11]} Qg6 {[%clk 0:47:25]} 16. b5 {[%clk 1:06:15]} Ne7 {[%clk
0:44:59]} 17. Nc4 {[%clk 1:05:48]} Be6 {[%clk 0:38:14]} 18. Re1 {[%clk 1:01:59]}
Bxc4 {[%clk 0:35:40]} 19. dxc4 {[%clk 1:02:21]} Ba5 {[%clk 0:31:06]} 20. Re4
{[%clk 0:42:02]} Rac8 {[%clk 0:25:23]} 21. Ne1 {[%clk 0:42:10]} Qe6 {[%clk
0:14:57]} 22. Nd3 {[%clk 0:39:19]} Bc3 {[%clk 0:13:45]} 23. Rxe5 {[%clk 0:38:45]}
Qxc4 {[%clk 0:13:19]} 24. Rb1 {[%clk 0:37:34]} Ng6 {[%clk 0:09:32]} 25. Rh5
{[%clk 0:27:01]} Rcd8 {[%clk 0:07:31]} 26. Bxb7 {[%clk 0:22:19]} Re7 {[%clk
0:06:56]} 27. Bg2 {[%clk 0:17:40]} Qxa2 {[%clk 0:07:07]} 28. b6 {[%clk 0:17:58]}
axb6 {[%clk 0:07:14]} 29. cxb6 {[%clk 0:18:24]} Re2 {[%clk 0:05:28]} 30. Bf1
{[%clk 0:16:51]} Rd2 {[%clk 0:04:31]} 31. Qb3 {[%clk 0:17:14]} Qxb3 {[%clk
0:04:06]} 32. Rxb3 {[%clk 0:17:42]} Ne7 {[%clk 0:04:20]} 33. Rc5 {[%clk 0:16:24]}
Rb8 {[%clk 0:04:11]} 34. b7 {[%clk 0:16:47]} f6 {[%clk 0:00:56]} 35. Rc7 {[%clk
0:15:20]} Kf7 {[%clk 0:01:25]} 36. Nc5 {[%clk 0:15:30]} Ba5 {[%clk 0:01:31]} 37.
Rxe7+ {[%clk 0:11:53]} Kxe7 {[%clk 0:01:58]} 38. Na6 {[%clk 0:12:16]} Rd8 {[%clk
0:00:40]} 39. b8Q {[%clk 0:12:25]} Rxb8 {[%clk 0:01:06]} 40. Rxb8 {[%clk
0:41:44]} 1-0

[Event "European Clubs Cup"]
[Site "chess24.com"]
[Date "2018.10.13"]
[Round "2"]
[White "Mastrovasilis, Athanasios"]
[Black "Danchevski, Orce"]
[Result "1-0"]
[Board "2"]
[WhiteElo "2503"]
[WhiteTitle "GM"]
[WhiteCountry "GRE"]
[WhiteFideId "4201990"]
[WhiteEloChange "3"]
[BlackElo "2358"]
[BlackTitle "IM"]
[BlackCountry "MKD"]
[BlackFideId "15000311"]
[BlackEloChange "-6"]

1. d4 {[%clk 1:30:54]} Nf6 {[%clk 1:30:44]} 2. Nf3 {[%clk 1:31:16]} e6 {[%clk
1:30:53]} 3. c4 {[%clk 1:31:16]} d5 {[%clk 1:31:05]} 4. Nc3 {[%clk 1:31:31]} Be7
{[%clk 1:31:05]} 5. Bg5 {[%clk 1:31:21]} O-O {[%clk 1:31:23]} 6. e3 {[%clk
1:31:42]} h6 {[%clk 1:30:54]} 7. Bh4 {[%clk 1:31:22]} Ne4 {[%clk 1:31:13]} 8.
Bxe7 {[%clk 1:31:28]} Qxe7 {[%clk 1:31:33]} 9. Rc1 {[%clk 1:31:35]} c6 {[%clk
1:31:29]} 10. Bd3 {[%clk 1:31:19]} Nxc3 {[%clk 1:31:49]} 11. Rxc3 {[%clk
1:31:32]} Nd7 {[%clk 1:32:07]} 12. cxd5 {[%clk 1:22:38]} exd5 {[%clk 1:32:04]}
13. Qb1 {[%clk 1:20:43]} Nf6 {[%clk 1:24:28]} 14. O-O {[%clk 1:16:13]} Ne4 {[%clk
1:23:55]} 15. Bxe4 {[%clk 1:13:32]} dxe4 {[%clk 1:24:12]} 16. Nd2 {[%clk
1:03:39]} Re8 {[%clk 1:17:50]} 17. Rc5 {[%clk 1:01:27]} Qh4 {[%clk 1:14:12]} 18.
b4 {[%clk 0:54:22]} Bd7 {[%clk 1:13:25]} 19. a4 {[%clk 0:52:59]} Rad8 {[%clk
1:11:18]} 20. Rfc1 {[%clk 0:45:22]} Re7 {[%clk 0:52:02]} 21. Nf1 {[%clk 0:40:43]}
Be8 {[%clk 0:48:09]} 22. Ng3 {[%clk 0:38:15]} g6 {[%clk 0:45:34]} 23. Re5 {[%clk
0:30:11]} f5 {[%clk 0:38:32]} 24. Rcc5 {[%clk 0:29:44]} b6 {[%clk 0:31:55]} 25.
Rxe7 {[%clk 0:28:19]} Qxe7 {[%clk 0:32:11]} 26. Re5 {[%clk 0:28:17]} Qf6 {[%clk
0:31:54]} 27. Qf1 {[%clk 0:21:12]} Qd6 {[%clk 0:24:42]} 28. Qe1 {[%clk 0:17:09]}
Bf7 {[%clk 0:15:13]} 29. h4 {[%clk 0:16:57]} h5 {[%clk 0:15:24]} 30. Ne2 {[%clk
0:15:23]} Bb3 {[%clk 0:15:17]} 31. Qc3 {[%clk 0:13:54]} Bf7 {[%clk 0:15:08]} 32.
Nf4 {[%clk 0:13:53]} Re8 {[%clk 0:13:34]} 33. a5 {[%clk 0:11:11]} Rb8 {[%clk
0:09:04]} 34. Kh2 {[%clk 0:08:29]} Kh7 {[%clk 0:05:13]} 35. axb6 {[%clk 0:06:28]}
axb6 {[%clk 0:05:36]} 36. Qa1 {[%clk 0:06:01]} Qc7 {[%clk 0:03:09]} 37. Qa3
{[%clk 0:04:35]} Kh6 {[%clk 0:03:03]} 38. Kg1 {[%clk 0:04:00]} Bg8 {[%clk
0:02:42]} 39. Qa1 {[%clk 0:03:28]} Bf7 {[%clk 0:03:04]} 40. Nh3 {[%clk 0:32:36]}
Bc4 {[%clk 0:30:48]} 41. Ng5 {[%clk 0:24:10]} Qg7 {[%clk 0:28:46]} 42. Qc1 {[%clk
0:19:16]} b5 {[%clk 0:28:05]} 43. Qa3 {[%clk 0:12:17]} Qb7 {[%clk 0:26:13]} 44.
Qc1 {[%clk 0:10:45]} Ra8 {[%clk 0:26:07]} 45. f3 {[%clk 0:10:35]} Ra2 {[%clk
0:24:04]} 46. fxe4 {[%clk 0:09:18]} fxe4 {[%clk 0:24:16]} 47. Qe1 {[%clk
0:08:43]} Qd7 {[%clk 0:06:10]} 48. Qg3 {[%clk 0:07:43]} Qg4 {[%clk 0:05:25]} 49.
Re7 {[%clk 0:06:04]} Bg8 {[%clk 0:05:37]} 50. Qxg4 {[%clk 0:04:00]} hxg4 {[%clk
0:06:03]} 51. Nxe4 {[%clk 0:04:25]} g3 {[%clk 0:02:49]} 52. Nxg3 {[%clk 0:04:35]}
Rb2 {[%clk 0:02:58]} 53. Ne4 {[%clk 0:04:43]} Bd5 {[%clk 0:02:55]} 54. Nf6 {[%clk
0:04:42]} g5 {[%clk 0:03:20]} 55. e4 {[%clk 0:03:18]} Bc4 {[%clk 0:02:40]} 56. h5
{[%clk 0:02:32]} g4 {[%clk 0:02:59]} 57. e5 {[%clk 0:01:53]} Bd3 {[%clk 0:01:25]}
58. Kh2 {[%clk 0:01:33]} Rxb4 {[%clk 0:01:23]} 59. e6 {[%clk 0:01:22]} Kg5 {[%clk
0:01:20]} 60. Rf7 {[%clk 0:01:24]} Bc4 {[%clk 0:01:43]} 61. Ne4+ {[%clk 0:01:13]}
Kh4 {[%clk 0:01:24]} 62. Rf6 {[%clk 0:01:00]} Bd5 {[%clk 0:00:34]} 63. e7 {[%clk
0:01:06]} Bxe4 {[%clk 0:00:32]} 64. e8Q {[%clk 0:01:10]} 1-0

[Event "European Clubs Cup"]
[Site "chess24.com"]
[Date "2018.10.13"]
[Round "2"]
[White "Nikolovski, Nikola"]
[Black "Malikentzos, Sotirios"]
[Result "1-0"]
[Board "3"]
[WhiteElo "2369"]
[WhiteTitle "IM"]
[WhiteCountry "MKD"]
[WhiteFideId "15002314"]
[WhiteEloChange "12"]
[BlackElo "2441"]
[BlackTitle "IM"]
[BlackCountry "GRE"]
[BlackFideId "4215079"]
[BlackEloChange "-6"]

1. e4 {[%clk 1:30:45]} e6 {[%clk 1:30:49]} 2. d4 {[%clk 1:30:04]} d5 {[%clk
1:31:12]} 3. Nc3 {[%clk 1:30:23]} Bb4 {[%clk 1:31:26]} 4. e5 {[%clk 1:30:28]} c5
{[%clk 1:31:34]} 5. a3 {[%clk 1:30:37]} Ba5 {[%clk 1:31:59]} 6. b4 {[%clk
1:30:06]} cxd4 {[%clk 1:32:23]} 7. Nb5 {[%clk 1:29:28]} Bc7 {[%clk 1:32:50]} 8.
f4 {[%clk 1:29:32]} Bd7 {[%clk 1:33:11]} 9. Nf3 {[%clk 1:28:18]} Bxb5 {[%clk
1:32:35]} 10. Bxb5+ {[%clk 1:28:36]} Nc6 {[%clk 1:33:02]} 11. O-O {[%clk
1:28:00]} Ne7 {[%clk 1:33:16]} 12. Bd3 {[%clk 1:26:50]} Nf5 {[%clk 1:32:51]} 13.
Qe2 {[%clk 1:07:25]} Bb6 {[%clk 1:29:52]} 14. Bd2 {[%clk 1:06:44]} Qd7 {[%clk
1:18:54]} 15. Kh1 {[%clk 1:03:54]} g6 {[%clk 1:14:32]} 16. Rfb1 {[%clk 1:01:11]}
O-O {[%clk 1:10:40]} 17. b5 {[%clk 0:36:44]} Na5 {[%clk 1:04:41]} 18. Bb4 {[%clk
0:35:33]} Rfc8 {[%clk 1:03:46]} 19. g4 {[%clk 0:35:32]} Ne3 {[%clk 1:00:53]} 20.
Rg1 {[%clk 0:34:21]} Nac4 {[%clk 0:59:23]} 21. Qf2 {[%clk 0:32:00]} Nb2 {[%clk
0:55:31]} 22. Qh4 {[%clk 0:26:17]} Nxd3 {[%clk 0:55:35]} 23. cxd3 {[%clk
0:24:51]} Bc5 {[%clk 0:31:43]} 24. Ng5 {[%clk 0:22:04]} Bxb4 {[%clk 0:31:09]} 25.
axb4 {[%clk 0:11:38]} f6 {[%clk 0:28:12]} 26. exf6 {[%clk 0:12:02]} Rf8 {[%clk
0:28:36]} 27. b6 {[%clk 0:11:19]} h6 {[%clk 0:24:04]} 28. Qxh6 {[%clk 0:07:03]}
Rxf6 {[%clk 0:24:31]} 29. bxa7 {[%clk 0:05:57]} b5 {[%clk 0:24:27]} 30. Nf3
{[%clk 0:03:31]} Rxa7 {[%clk 0:21:05]} 31. Ne5 {[%clk 0:03:54]} Qh7 {[%clk
0:18:40]} 32. Qg5 {[%clk 0:03:10]} Rxa1 {[%clk 0:18:36]} 33. Qxf6 {[%clk
0:00:52]} Qa7 {[%clk 0:12:32]} 34. Qxe6+ {[%clk 0:00:59]} Kg7 {[%clk 0:11:46]}
35. Qxg6+ {[%clk 0:01:23]} Kf8 {[%clk 0:12:13]} 36. Qh6+ {[%clk 0:01:04]} Kg8
{[%clk 0:12:26]} 37. Qg5+ {[%clk 0:01:14]} Kf8 {[%clk 0:12:32]} 38. Qf6+ {[%clk
0:00:41]} Kg8 {[%clk 0:12:56]} 39. Qe6+ {[%clk 0:00:44]} Kg7 {[%clk 0:13:08]} 40.
Qg6+ {[%clk 0:30:38]} Kf8 {[%clk 0:42:32]} 41. Qf6+ {[%clk 0:18:24]} Kg8 {[%clk
0:42:49]} 42. Qd8+ {[%clk 0:15:53]} Kg7 {[%clk 0:42:55]} 43. Qd7+ {[%clk
0:16:04]} Qxd7 {[%clk 0:43:03]} 44. Nxd7 {[%clk 0:16:28]} Rxg1+ {[%clk 0:43:25]}
45. Kxg1 {[%clk 0:16:52]} Nxg4 {[%clk 0:43:53]} 46. Ne5 {[%clk 0:14:13]} Ne3
{[%clk 0:44:06]} 47. Kf2 {[%clk 0:13:22]} Kf6 {[%clk 0:43:46]} 48. Kf3 {[%clk
0:11:56]} Nc2 {[%clk 0:39:01]} 49. Nc6 {[%clk 0:11:56]} Kf5 {[%clk 0:37:32]} 50.
h3 {[%clk 0:08:21]} Ne1+ {[%clk 0:37:16]} 51. Ke2 {[%clk 0:08:39]} Ng2 {[%clk
0:34:24]} 52. Nxd4+ {[%clk 0:09:04]} Kxf4 {[%clk 0:34:50]} 53. Kf2 {[%clk
0:08:42]} Nh4 {[%clk 0:33:59]} 54. Nxb5 {[%clk 0:09:05]} Nf5 {[%clk 0:33:41]} 55.
Nc3 {[%clk 0:08:34]} Ke5 {[%clk 0:33:53]} 56. Ne2 {[%clk 0:08:31]} d4 {[%clk
0:31:06]} 57. Kf3 {[%clk 0:07:38]} Kd5 {[%clk 0:29:28]} 58. Kf4 {[%clk 0:07:27]}
Nh4 {[%clk 0:27:33]} 59. Kg4 {[%clk 0:07:34]} Ng6 {[%clk 0:27:37]} 60. Nf4+
{[%clk 0:07:34]} 1-0

[Event "European Clubs Cup"]
[Site "chess24.com"]
[Date "2018.10.13"]
[Round "2"]
[White "Kalogeris, Ioannis"]
[Black "Stojcevski, Zoran"]
[Result "1/2-1/2"]
[Board "4"]
[WhiteElo "2351"]
[WhiteCountry "GRE"]
[WhiteFideId "4239563"]
[BlackElo "2348"]
[BlackTitle "FM"]
[BlackCountry "MKD"]
[BlackFideId "15000192"]

1. e4 {[%clk 1:30:51]} e5 {[%clk 1:30:58]} 2. Nf3 {[%clk 1:31:03]} Nc6 {[%clk
1:31:23]} 3. d4 {[%clk 1:31:10]} exd4 {[%clk 1:31:28]} 4. Nxd4 {[%clk 1:31:30]}
Bc5 {[%clk 1:31:34]} 5. Nb3 {[%clk 1:31:49]} Bb6 {[%clk 1:31:33]} 6. Nc3 {[%clk
1:32:09]} d6 {[%clk 1:30:43]} 7. Qe2 {[%clk 1:32:27]} Nge7 {[%clk 1:24:04]} 8.
Be3 {[%clk 1:26:10]} O-O {[%clk 1:23:53]} 9. O-O-O {[%clk 1:26:09]} f5 {[%clk
1:22:24]} 10. f4 {[%clk 1:13:07]} fxe4 {[%clk 1:14:43]} 11. Bxb6 {[%clk 1:13:19]}
axb6 {[%clk 1:14:22]} 12. Qxe4 {[%clk 1:13:43]} Ng6 {[%clk 1:10:25]} 13. g3
{[%clk 1:07:48]} Bf5 {[%clk 1:07:26]} 14. Qg2 {[%clk 0:59:14]} Kh8 {[%clk
0:58:03]} 15. a3 {[%clk 0:54:31]} Qd7 {[%clk 0:37:03]} 16. h3 {[%clk 0:50:34]}
Qf7 {[%clk 0:34:43]} 17. Be2 {[%clk 0:47:44]} Be6 {[%clk 0:33:25]} 18. Nd4 {[%clk
0:47:36]} Nxf4 {[%clk 0:32:05]} 19. Qe4 {[%clk 0:38:49]} Nxe2+ {[%clk 0:29:46]}
20. Ndxe2 {[%clk 0:37:14]} Rae8 {[%clk 0:27:02]} 21. Qg2 {[%clk 0:32:55]} Qf3
{[%clk 0:22:23]} 22. Qxf3 {[%clk 0:29:59]} Rxf3 {[%clk 0:22:50]} 23. Nf4 {[%clk
0:26:52]} g5 {[%clk 0:16:30]} 24. Nxe6 {[%clk 0:23:03]} Rxe6 {[%clk 0:16:58]} 25.
Nd5 {[%clk 0:22:39]} Rxg3 {[%clk 0:12:24]} 26. Nxc7 {[%clk 0:23:00]} Rh6 {[%clk
0:12:46]} 27. Rhf1 {[%clk 0:19:32]} Ne5 {[%clk 0:07:47]} 28. Rf8+ {[%clk
0:12:02]} Kg7 {[%clk 0:08:13]} 29. Rdf1 {[%clk 0:09:21]} Rhxh3 {[%clk 0:04:05]}
30. Ne8+ {[%clk 0:06:57]} Kh6 {[%clk 0:04:04]} 31. R8f6+ {[%clk 0:06:08]} Kh5
{[%clk 0:03:18]} 32. Rxd6 {[%clk 0:04:24]} Nf3 {[%clk 0:01:35]} 33. Nf6+ {[%clk
0:04:11]} Kh4 {[%clk 0:01:43]} 34. Nxh7 {[%clk 0:04:02]} Kg4 {[%clk 0:01:15]} 35.
Nf6+ {[%clk 0:03:30]} Kf5 {[%clk 0:01:40]} 36. Nd7 {[%clk 0:03:15]} g4 {[%clk
0:01:39]} 37. Rxb6 {[%clk 0:01:15]} Rg1 {[%clk 0:00:46]} 38. Rf6+ {[%clk
0:01:29]} Ke4 {[%clk 0:00:45]} 39. Nc5+ {[%clk 0:00:53]} Ke3 {[%clk 0:00:43]} 40.
Rxf3+ {[%clk 0:30:38]} gxf3 {[%clk 0:31:09]} 41. Rxg1 {[%clk 0:30:57]} f2 {[%clk
0:31:30]} 42. Rd1 {[%clk 0:22:15]} Rf3 {[%clk 0:25:53]} 43. b3 {[%clk 0:16:43]}
b6 {[%clk 0:25:13]} 44. Na4 {[%clk 0:11:20]} Rg3 {[%clk 0:22:48]} 45. Nc3 {[%clk
0:10:52]} Rg1 {[%clk 0:22:00]} 46. Kb2 {[%clk 0:11:15]} Re1 {[%clk 0:19:58]} 47.
Rd3+ {[%clk 0:11:13]} Kf4 {[%clk 0:20:22]} 48. Nd5+ {[%clk 0:07:40]} Ke4 {[%clk
0:15:22]} 49. Nf6+ {[%clk 0:08:07]} Kf4 {[%clk 0:15:43]} 50. Nd5+ {[%clk
0:06:36]} Ke4 {[%clk 0:16:07]} 51. Nc3+ {[%clk 0:06:48]} Kf4 {[%clk 0:15:48]} 52.
Rd8 {[%clk 0:07:13]} f1Q {[%clk 0:15:52]} 53. Rf8+ {[%clk 0:07:39]} Ke5 {[%clk
0:16:13]} 54. Rxf1 {[%clk 0:08:04]} Rxf1 {[%clk 0:16:37]} 55. b4 {[%clk 0:07:59]}
Kd4 {[%clk 0:12:39]} 56. Nb5+ {[%clk 0:07:06]} Kc4 {[%clk 0:12:32]} 57. Nd6+
{[%clk 0:07:30]} Kd5 {[%clk 0:12:11]} 58. Nc8 {[%clk 0:06:31]} b5 {[%clk
0:05:53]} 59. Na7 {[%clk 0:05:57]} Kc4 {[%clk 0:06:20]} 60. Nc6 {[%clk 0:06:18]}
Re1 {[%clk 0:05:54]} 61. Na5+ {[%clk 0:06:42]} Kd4 {[%clk 0:06:14]} 62. Nb3+
{[%clk 0:07:02]} Kc4 {[%clk 0:06:01]} 63. Nd2+ {[%clk 0:07:31]} Kd5 {[%clk
0:06:26]} 64. Kb3 {[%clk 0:06:13]} Rd1 {[%clk 0:05:56]} 65. Kc3 {[%clk 0:05:55]}
Ra1 {[%clk 0:05:14]} 66. Kb2 {[%clk 0:05:51]} Rd1 {[%clk 0:05:34]} 67. Nb3 {[%clk
0:05:59]} Kc4 {[%clk 0:05:32]} 68. Nc1 {[%clk 0:04:30]} Re1 {[%clk 0:05:02]} 69.
Nd3 {[%clk 0:04:16]} Re2 {[%clk 0:04:39]} 70. Nf4 {[%clk 0:04:32]} Re4 {[%clk
0:04:38]} 1/2-1/2

[Event "European Clubs Cup"]
[Site "chess24.com"]
[Date "2018.10.13"]
[Round "2"]
[White "Lomasov, Semyon"]
[Black "Lie, Kjetil A."]
[Result "1/2-1/2"]
[Board "6"]
[WhiteElo "2540"]
[WhiteTitle "IM"]
[WhiteCountry "RUS"]
[WhiteFideId "24164879"]
[BlackElo "2537"]
[BlackTitle "GM"]
[BlackCountry "NOR"]
[BlackFideId "1501984"]

1. e4 {[%clk 1:30:57]} c5 {[%clk 1:30:45]} 2. Nf3 {[%clk 1:31:22]} Nc6 {[%clk
1:30:33]} 3. d4 {[%clk 1:29:45]} cxd4 {[%clk 1:30:51]} 4. Nxd4 {[%clk 1:30:10]}
g6 {[%clk 1:30:08]} 5. Nc3 {[%clk 1:30:26]} Bg7 {[%clk 1:30:04]} 6. Be3 {[%clk
1:30:47]} Nf6 {[%clk 1:30:18]} 7. Bc4 {[%clk 1:31:06]} O-O {[%clk 1:28:28]} 8.
Bb3 {[%clk 1:31:23]} Re8 {[%clk 1:27:22]} 9. O-O {[%clk 1:22:51]} d6 {[%clk
1:26:29]} 10. h3 {[%clk 1:22:20]} Na5 {[%clk 1:26:11]} 11. f4 {[%clk 1:05:45]} b6
{[%clk 0:59:59]} 12. e5 {[%clk 0:35:17]} Nxb3 {[%clk 0:57:04]} 13. axb3 {[%clk
0:33:50]} dxe5 {[%clk 0:45:49]} 14. fxe5 {[%clk 0:29:22]} Nd5 {[%clk 0:43:19]}
15. Qf3 {[%clk 0:28:06]} Nxe3 {[%clk 0:42:13]} 16. Qxe3 {[%clk 0:28:20]} Bb7
{[%clk 0:35:15]} 17. Rae1 {[%clk 0:27:45]} Qc7 {[%clk 0:27:52]} 18. Ndb5 {[%clk
0:19:27]} Qc6 {[%clk 0:26:32]} 19. Rf2 {[%clk 0:18:58]} a6 {[%clk 0:21:17]} 20.
Nd4 {[%clk 0:19:26]} Qc7 {[%clk 0:21:11]} 21. Nf3 {[%clk 0:18:01]} Bxf3 {[%clk
0:16:16]} 22. gxf3 {[%clk 0:10:01]} Red8 {[%clk 0:15:09]} 23. f4 {[%clk 0:10:11]}
Rac8 {[%clk 0:10:21]} 24. h4 {[%clk 0:07:38]} f5 {[%clk 0:06:42]} 25. h5 {[%clk
0:03:47]} Qc5 {[%clk 0:06:35]} 26. hxg6 {[%clk 0:03:21]} hxg6 {[%clk 0:06:59]}
27. Qg3 {[%clk 0:03:15]} Rd2 {[%clk 0:06:24]} 28. Re2 {[%clk 0:03:18]} Rxe2
{[%clk 0:02:46]} 29. Nxe2 {[%clk 0:03:47]} Kf7 {[%clk 0:01:40]} 30. c3 {[%clk
0:03:41]} Rh8 {[%clk 0:01:02]} 31. Nd4 {[%clk 0:02:57]} Qd5 {[%clk 0:00:58]} 32.
Rg2 {[%clk 0:01:20]} Rh6 {[%clk 0:01:23]} 33. Qf3 {[%clk 0:01:16]} Qxf3 {[%clk
0:00:48]} 34. Nxf3 {[%clk 0:01:45]} Ke8 {[%clk 0:00:37]} 35. Kf2 {[%clk 0:01:40]}
e6 {[%clk 0:00:41]} 36. Ke3 {[%clk 0:00:39]} Bf8 {[%clk 0:01:03]} 37. b4 {[%clk
0:01:06]} Be7 {[%clk 0:00:40]} 38. b3 {[%clk 0:00:46]} a5 {[%clk 0:00:43]} 39.
bxa5 {[%clk 0:01:03]} bxa5 {[%clk 0:00:55]} 40. Ra2 {[%clk 0:30:35]} Bd8 {[%clk
0:30:36]} 41. b4 {[%clk 0:13:59]} axb4 {[%clk 0:27:27]} 42. cxb4 {[%clk 0:14:26]}
Rh1 {[%clk 0:21:31]} 43. Ra8 {[%clk 0:06:57]} Kd7 {[%clk 0:14:55]} 44. Ra7+
{[%clk 0:07:24]} Kc8 {[%clk 0:15:01]} 45. Ra8+ {[%clk 0:07:17]} Kd7 {[%clk
0:15:26]} 46. Ra7+ {[%clk 0:07:32]} Kc8 {[%clk 0:15:51]} 47. Ra6 {[%clk 0:06:59]}
Rb1 {[%clk 0:11:32]} 48. Nd4 {[%clk 0:02:38]} Rxb4 {[%clk 0:01:00]} 49. Ra8+
{[%clk 0:02:41]} Rb8 {[%clk 0:01:26]} 50. Rxb8+ {[%clk 0:03:07]} Kxb8 {[%clk
0:01:53]} 51. Nxe6 {[%clk 0:03:32]} Be7 {[%clk 0:02:15]} 52. Kd4 {[%clk 0:02:56]}
Kc8 {[%clk 0:02:37]} 53. Kd5 {[%clk 0:03:22]} Kd7 {[%clk 0:02:56]} 1/2-1/2